000 00713nam a2200253 a 4500
001 BRL_1397
005 20190320211202.0
008 100114s1975----nyuao#####---#000-0#eng-#
020 _a0025955004
041 _aeng
044 _anyu
084 _aE99.N3
_b.P46 1975
100 1 _aPendleton, Mary
_926773
245 1 0 _aNavajo and Hopi weaving techniques
_cMary Pendleton.
260 _aNew York
_bMacmillan
_c1975
300 _a158 p.
_bil., fotografías
_c28 cm.
500 _aAu1648
504 _aBibliografía: p. 95
650 1 4 _aNavajos
_xIndustría textil indígena
_926774
650 1 4 _aHopis
_xIndustría textil indígena
_926775
650 1 4 _aTejeduría
_926776
902 _aGRL
942 _2lcc
_cB
999 _c10208
_d10208